Estadísticas para 5 Países más Elevados por Continente

Haz click aquí para tomar la prueba!

Estadísticas generales

  • Esta prueba ha sido tomada 1.522 veces
  • La puntuación promedio es 25 de 30

Estadísticas de respuestas

ContinentePiesMetroPaís% Correcto
América del Norte20,3106,191Estados Unidos
98%
América del Norte19,5515,959Canadá
97%
América del Sur22,6156,893Chile
96%
Asia29,0298,848China
96%
América del Sur22,8356,960Argentina
96%
Oceanía7,3102,228Australia
96%
América del Norte18,4915,636México
96%
América del Sur22,2056,768Perú
95%
América del Sur21,4636,542Bolivia
94%
Oceanía12,2183,724Nueva Zelanda
94%
Europa15,2034,634Suiza
93%
América del Sur20,5616,267Ecuador
93%
Asia29,0298,848Nepal
92%
Asia28,1698,586India
90%
Europa18,5105,642Rusia
90%
Europa15,7814,810Francia
89%
Europa15,7814,810Italia
89%
Europa12,4613,798Austria
83%
América del Norte13,8454,220Guatemala
82%
África17,0575,199Kenia
79%
Asia24,8367,570Bután
78%
Oceanía14,7934,509Papua Nueva Guinea
78%
África19,3315,892Tanzania
77%
África16,7525,109R.D. Congo
76%
Asia28,2518,611Pakistán
74%
América del Norte12,5333,820Costa Rica
70%
África16,7525,109Uganda
65%
África14,9284,550Etiopía
62%
Oceanía7,6612,335Islas Salomón
61%
Oceanía6,1581,877Vanuatu
57%

Distribución de puntuación

Porcentaje por número respondido

Porcentaje de gente con cada puntuación

Historial de tus puntuaciones

No has tomado esta prueba